000 00374nam a2200157Ia 4500
100 _aIndian law academy
650 _aEnglish
942 _cBK
654 _aLaw
245 _aLatest law report for administration in universities and colleges
260 _bIndian Law academy
_aLucknow
082 _a344.5407
_bI.L.A
300 _a842
546 _aENGLISH
999 _c22258
_d22258